000 00742nam a22001817a 4500
999 _c14965
_d14965
003 OSt
082 _2631.3 ASW/DR
088 _aP 269
100 _aASWATHI VISWANATHAN
_aHARIKRISHNAN M
_93887
245 _aDevelopment and testing of a banana sucker uprooting machine as an attachment to a tractor
260 _aTavanur 2013
_bDepartment of Farm Power Machinery and Energy
300 _a59
500 _aDevelopment and testing of a banana sucker uprooting machine as an attachment to a tractor
520 _aDevelopment and testing of a banana sucker uprooting machine as an attachment to a tractor
700 _aDr. Jayan P.R (Guide)
_93380
856 _uhttps://drive.google.com/open?id=1mYSyBoNzWHba-U8xIZdTZjbXkj8wjOuJ
942 _cPR